|
|
|
|
| LEADER |
00000nam a2200000 a 4500 |
| 001 |
vtls010212097 |
| 003 |
SK-MaSNL |
| 005 |
20260302011613.0 |
| 008 |
251029s2010 au a 000 0 ger |
| 015 |
|
|
|a SNBZSA2012-00093
|
| 020 |
|
|
|a 9783643501615
|q (brož.)
|
| 035 |
|
|
|a 96090305-4B2A-48FF-AD2D-9DA016FF9DE5
|
| 035 |
|
|
|a urn:nbn:sk:snk-aml9yr
|
| 035 |
|
|
|a urn:nbn:sk:snk-am008r22
|
| 040 |
|
|
|a SNK
|b slo
|c SNK
|e AACR2
|
| 041 |
0 |
|
|a ger
|
| 043 |
|
|
|a e-xo---
|a e-cz---
|a e-au---
|
| 044 |
|
|
|a au
|c AT
|
| 072 |
|
7 |
|a 316
|x Sociológia
|2 konspekt
|
| 080 |
|
|
|a 316.752-053.6
|2 2001
|
| 080 |
|
|
|a 316.3-053.6
|2 2001
|
| 080 |
|
|
|a 304.3-053.6
|2 2001
|
| 080 |
|
|
|a 308
|2 2001
|
| 245 |
0 |
0 |
|a Jugend im Grenzland 2004 - 2009
|b kulturelle, soziale und politische Werte der Jugend im Grenzland "Weinviertel-Südmähren-Westslowakei"
|c Michaela Hudler-Seitzberger, Claudia Tschipan, Hannes Bauer (Hg.)
|
| 260 |
|
|
|a Wien
|b Lit
|c c2010
|
| 300 |
|
|
|a 146 s.
|b grafy, tabuľky
|c 21 cm
|
| 490 |
1 |
|
|a Austria: Forschung und Wissenschaft, Soziologie
|v Bd. 8
|
| 650 |
0 |
7 |
|a mládež
|x životný štýl
|2 snkph
|9 409439
|
| 650 |
0 |
7 |
|a životné hodnoty
|2 snkph
|9 311691
|
| 650 |
0 |
7 |
|a hodnotová orientácia
|x mládež
|2 snkph
|9 652318
|
| 650 |
0 |
7 |
|a sociologické prieskumy
|2 snkph
|9 652319
|
| 651 |
|
7 |
|a Morava južná (Česko)
|2 snkph
|9 235804
|
| 651 |
|
7 |
|a Slovensko západné
|2 snkph
|9 161137
|
| 651 |
|
7 |
|a Dolné Rakúsko
|2 snkph
|9 30065
|
| 655 |
|
7 |
|a štúdie
|2 snkph
|9 57033
|
| 700 |
1 |
|
|a Hudler-Seitzberger, Michaela
|4 edt
|9 652320
|
| 830 |
|
0 |
|a Austria: Forschung und Wissenschaft, Soziologie
|9 652321
|
| 919 |
|
|
|a 978-3-643-50161-5
|
| 958 |
|
|
|a ZS
|
| 958 |
|
|
|a CZ
|
| 958 |
|
|
|a AT
|
| 999 |
|
|
|c 1006721
|d 1008651
|
| 952 |
|
|
|a SNK
|b SNK
|y PREZ
|7 0
|p 17A0686810
|o snkSC 144149
|i snk2011/4012
|8 2
|g 19.90
|0 0
|1 0
|4 0
|d 2011-02-17
|f 1
|l 0
|r 2025-07-11 00:00:00
|w 2026-02-24
|